|
|
|
|
| LEADER |
00000nam a2200000 a 4500 |
| 001 |
vtls010096634 |
| 003 |
SK-MaSNL |
| 005 |
20260301184833.0 |
| 008 |
160627s2010 xo k f u 000 0 slo |
| 015 |
|
|
|a SNBN2010/04-02409
|
| 020 |
|
|
|c (cen. skup. 10)
|
| 040 |
|
|
|a SNK
|b slo
|c SNK
|e AACR2
|
| 041 |
1 |
|
|a slo
|h eng
|
| 044 |
|
|
|a xo
|c SK
|
| 046 |
|
|
|a s
|m 201005 (účin.)
|
| 072 |
|
7 |
|a 676
|x Papierenský priemysel
|2 konspekt
|
| 080 |
|
|
|a 676.064.1/.2
|2 2001
|
| 080 |
|
|
|a 006.7/.8
|2 2001
|
| 080 |
|
|
|a (437.6)
|2 2001
|
| 080 |
|
|
|a (4)
|2 2001
|
| 084 |
|
|
|a 85.040
|2 ICS
|
| 084 |
|
|
|a 85.060
|2 ICS
|
| 130 |
0 |
|
|a STN 50 0417 (STN ISO 2470-2)
|9 562010
|
| 245 |
1 |
0 |
|a STN ISO 2470-2: 2010 (50 0417) Papier, lepenka a buničiny. Meranie difúzneho činiteľa odrazu v modrej oblasti spektra
|n Časť 2
|p Podmienky vonkajšieho denného svetla (belosť D65)
|c spracovateľ Civest Slovakia Veľké Leváre, Erich Novák
|
| 246 |
1 |
0 |
|a Papier, lepenka a buničiny
|
| 246 |
1 |
0 |
|a Meranie difúzneho činiteľa odrazu v modrej oblasti spektra. Časť 2
|
| 246 |
1 |
0 |
|a Podmienky vonkajšieho denného svetla (belosť D65)
|
| 246 |
3 |
0 |
|a ISO 2470-2: 2008
|
| 260 |
|
|
|a Bratislava
|b Slovenský ústav technickej normalizácie
|c 2010
|
| 300 |
|
|
|a 12 s.
|b tab.
|c 30 cm
|
| 500 |
|
|
|a Súbežný názov v angličtine, francúzštine, nemčine
|
| 500 |
|
|
|a Táto norma obsahuje slovenskú verziu ISO 2470-2: 2008
|
| 504 |
|
|
|a Citované normy, súvisiace právne predpisy s. 2 ; literatúra s. 11
|
| 540 |
|
|
|a STN vydané na akomkoľvek nosiči sa môžu rozmnožovať a rozširovať iba so súhlasom určenej právnickej osoby
|b SÚTN Bratislava
|c zákon 264/1999 Z.z.
|
| 650 |
0 |
7 |
|a výroba papiera
|2 SVKBBPH
|9 58348
|
| 650 |
0 |
7 |
|a technické normy a štandardy
|z Slovensko
|2 SVKBBPH
|9 79594
|
| 650 |
0 |
7 |
|a technické normy a štandardy
|z krajiny Európskej únie
|2 SVKBBPH
|9 289341
|
| 655 |
|
7 |
|a normy
|2 SVKBBPH
|9 70643
|
| 700 |
1 |
|
|a Novák, Erich
|4 trl
|9 303029
|
| 710 |
2 |
|
|a Civest Slovakia (Veľké Leváre, Slovensko)
|4 aut
|9 321413
|
| 710 |
2 |
|
|a Slovenský ústav technickej normalizácie (Bratislava, Slovensko)
|b TK 19 Buničina, papier, lepenka a papierové obaly
|4 stn
|9 321412
|
| 852 |
|
|
|a Štátna vedecká knižnica v Banskej Bystrici
|
| 958 |
|
|
|a OP
|
| 958 |
|
|
|a NB
|
| 999 |
|
|
|c 861813
|d 863743
|
| 952 |
|
|
|a SNK
|b SNK
|y PREZ
|7 0
|p 17A0660980
|o snkSTN ISO 2470-2 D1
|i snk2010/12241
|8 0
|0 0
|1 0
|4 0
|d 2010-06-07
|l 0
|r 2026-02-24 05:15:06
|w 2026-02-24
|
| 952 |
|
|
|a SNK
|b SNK
|y PREZ
|7 0
|p 17A0660979
|o snkSTN ISO 2470-2
|i snk2010/12240
|8 0
|0 0
|1 0
|4 0
|d 2010-06-07
|l 0
|r 2026-02-24 05:15:06
|w 2026-02-24
|
| 952 |
|
|
|a SNK
|b SNK
|y PREZ
|7 0
|p 17A1194527
|o snkSTN ISO 2470-2 D2
|i snk2016/11188
|8 3
|g 9.70
|0 0
|1 0
|4 0
|d 2016-05-02
|l 0
|r 2026-02-24 05:15:06
|w 2026-02-24
|